Ženy, které nechtěly mlčet : tři československé příběhy /

Hlavní autor: Bartlová, Milena, 1958-
Jazyk: Čeština
Vydáno: [Praha] : Rosa Luxemburg Stiftung e.V., zastoupení v České republice, 2021
Vydání: Vydání první
Témata:
Fyzický popis: 296 stran : ilustrace (některé barevné), portréty ; 16 cm
Language note: Anglické resumé
Knihy
Uloženo v:
LEADER 02707nam a2200685 i 4500
001 nkc20213376228
003 CZ PrNK
005 20220724153927.0
007 ta
008 211125s2021 xr ac e 001 0ccze
015 |a cnb003376228 
020 |a 978-80-907997-8-3  |q (brožováno) 
035 |a (OCoLC)1296109369 
040 |a BOA001  |b cze  |d ABA001  |e rda 
041 0 |a cze  |b eng 
043 |a e-xr--- 
045 |a x-x- 
072 7 |a 316.3  |x Globální společnosti. Sociální struktura. Sociální skupiny  |2 Konspekt  |9 18 
072 7 |a 929  |x Biografie  |2 Konspekt  |9 8 
080 |a 316.346.2-055.2  |2 MRF 
080 |a 329.15-055.2  |2 MRF 
080 |a 32-055.2  |2 MRF 
080 |a 316.662  |2 MRF 
080 |a 316.423.6-055.2  |2 MRF 
080 |a 929  |2 MRF 
080 |a (437.3)  |2 MRF 
080 |a (092)  |2 MRF 
100 1 |a Bartlová, Milena,  |d 1958-  |7 jn19981000203  |4 aut 
245 1 0 |a Ženy, které nechtěly mlčet :  |b tři československé příběhy /  |c Milena Bartlová 
250 |a Vydání první 
264 1 |a [Praha] :  |b Rosa Luxemburg Stiftung e.V., zastoupení v České republice,  |c 2021 
300 |a 296 stran :  |b ilustrace (některé barevné), portréty ;  |c 16 cm 
336 |a text  |b txt  |2 rdacontent 
337 |a bez média  |b n  |2 rdamedia 
338 |a svazek  |b nc  |2 rdacarrier 
504 |a Obsahuje bibliografii a rejstřík 
546 |a Anglické resumé 
600 1 7 |a Mlynářová, Vlasta,  |d 1900-1983  |7 mzk20221136286  |2 czenas 
600 1 7 |a Budínová, Hana,  |d 1902-1965  |7 jk01020146  |2 czenas 
600 1 7 |a Klímová, Rita,  |d 1931-1993  |7 jk01020147  |2 czenas 
648 7 |a 20. století  |7 ch460558  |2 czenas 
650 0 7 |a ženy  |7 ph127967  |z Česko  |y 20. století  |2 czenas 
650 0 7 |a komunistky  |7 ph367695  |z Česko  |y 20. století  |2 czenas 
650 0 7 |a ženy v politice  |7 ph127974  |z Česko  |y 20. století  |2 czenas 
650 0 7 |a ženy  |7 ph127967  |x společenské postavení  |2 czenas 
650 0 7 |a ženská emancipace  |7 ph127961  |z Česko  |y 20. století  |2 czenas 
650 0 9 |a women  |z Czechia  |y 20th century  |2 eczenas 
650 0 9 |a women communists  |z Czechia  |y 20th century  |2 eczenas 
650 0 9 |a women in politics  |z Czechia  |y 20th century  |2 eczenas 
650 0 9 |a women  |x social status  |2 eczenas 
650 0 9 |a emancipation of women  |z Czechia  |y 20th century  |2 eczenas 
655 7 |a biografie  |7 fd131909  |2 czenas 
655 9 |a biography  |2 eczenas 
910 2 |a BOA001  |b 1-1478.097 
928 9 |a Nadace Rosy Luxemburgové 
990 |a BK 
995 |a 01 
991 |b 202201  |c NOV 
996 6 |b 2610887288  |c 1-1478.097  |l MZK  |r Sklad / do 1 hodiny  |n 3  |p p.v.  |w 001871007  |u 000010  |a 1  |e BOA001  |j MZK50  |s P 
996 7 |b 2610887289  |c 1-1478.097  |l MZK  |r Sklad / do 1 hodiny  |n 13  |p dar  |w 001871007  |u 000020  |a 1  |e BOA001  |j MZK50  |s A